00755nam a2200241 a 4500001001300000003000900013005001700022008004100039020002300080082001500103100002200118245007800140260003400218300000900252500003500261505001000296650003700306700002200343902000800365942000700373952011600380999001700496nice12345678IN_TiNIC20260116014348.0100329s2006 usaa grp 000 0 eng  a9781565634855c55000a220.6bGOR aGorman, J Michael aElements of Biblilcal Exegesisb A Basic Guide for Students and Ministers aUSA bHendrickson Pubs c2006 a246p aincludes index and biblioraphy2 aIndex aBible-Criticism & Interpretation1 aGorman, J Michael bSRS cBK 001040708StackRoom-aHMIbHMId2010-04-13g550.00l0o220.6 GORp023237r2010-04-13v550.00w2010-03-29yBK c14989d14989